[Event "SVK-chT2B 1819"]
[Site "Slovakia"]
[Date "2019.02.03"]
[Round "7.8"]
[White "Prvy, Peter"]
[Black "Babinsky, Michal"]
[Result "1-0"]
[WhiteElo "1790"]
[BlackElo "1723"]
[PlyCount "115"]
[EventDate "2018.10.13"]
[EventType "team-tourn"]
[EventRounds "11"]
[EventCountry "SVK"]
[SourceTitle "CBM 189 Extra"]
[Source "ChessBase"]
[SourceDate "2019.05.31"]
[SourceVersion "1"]
[SourceVersionDate "2019.05.31"]
[SourceQuality "1"]
[WhiteTeam "Topolcany"]
[BlackTeam "Levice"]
[WhiteTeamCountry "SVK"]
[BlackTeamCountry "SVK"]

1. c4 e5 2. Nc3 Nf6 3. Nf3 Nc6 4. d4 exd4 5. Nxd4 Bc5 6. Nxc6 dxc6 7. Qxd8+ Kxd8 8. Bg5 Be7 9. e4 Be6 10. Be2 h6 11. Bh4 g5 12. Bg3 Nd7 13. 0-0-0 Kc8 14. h4 g4 15. f4 gxf3 16. gxf3 Nb6 17. b3 a5 18. f4 f5 19. e5 a4 20. Bf2 axb3 21. axb3 Bb4 22. Kb2 Rg8 23. Bf3 Ra3 24. Ra1 Rxa1 25. Rxa1 Rd8 26. Rd1 Rxd1 27. Nxd1 Bd2 28. Be3 Be1 29. h5 Kd7 30. Kc2 Nc8 31. Nb2 b6 32. Nd3 Bg3 33. Nb4 Ne7 34. Kd3 Be1 35. Nc2 Bh4 36. Nd4 Be1 37. Bc1 Bb4 38. Nc2 c5 39. Ne3 c6 40. Nc2 Kc7 41. Be3 Nc8 42. Bf2 Ne7 43. Bh4 Ng8 44. Ne3 Kd7 45. Bg2 Bf7 46. Bh3 Bxh5 47. Bxf5+ Ke8 48. Be4 Ne7 49. Bxe7 Kxe7 50. Bxc6 Bg6+ 51. Be4 Bxe4+ 52. Kxe4 Kf7 53. f5 h5 54. Nd5 Bd2 55. e6+ Kf8 56. f6 Bg5 57. e7+ Kf7 58. Nc7 1-0

[Event "SVK-chT2B 1819"]
[Site "Slovakia"]
[Date "2018.10.13"]
[Round "1.7"]
[White "Babinsky, Michal"]
[Black "Brlej, Simon"]
[Result "1/2-1/2"]
[WhiteElo "1723"]
[BlackElo "1699"]
[PlyCount "123"]
[EventDate "2018.10.13"]
[EventType "team-tourn"]
[EventRounds "11"]
[EventCountry "SVK"]
[SourceTitle "CBM 187 Extra"]
[Source "ChessBase"]
[SourceDate "2018.11.04"]
[SourceVersion "1"]
[SourceVersionDate "2018.11.04"]
[SourceQuality "1"]
[WhiteTeam "Levice"]
[BlackTeam "Trencin"]
[WhiteTeamCountry "SVK"]
[BlackTeamCountry "SVK"]

1. c4 c5 2. Nf3 Nf6 3. g3 g6 4. Bg2 Bg7 5. 0-0 0-0 6. d4 d6 7. Nc3 Nc6 8. d5 Nb4 9. a3 Na6 10. e4 e5 11. h3 Bd7 12. Kh2 Rb8 13. Qe2 Nc7 14. a4 a6 15. Bg5 b5 16. axb5 axb5 17. b3 bxc4 18. bxc4 Rb3 19. Rfc1 Qb8 20. Rab1 Qb7 21. Qc2 Rb8 22. Nd2 Rb2 23. Qd3 Na6 24. Bf1 Rxb1 25. Rxb1 Nb4 26. Qf3 Ne8 27. Qd1 Ra8 28. Qc1 Nc7 29. Be7 Qb6 30. Ra1 Nca6 31. Nb5 Bxb5 32. cxb5 Nc7 33. Rxa8+ Nxa8 34. Qa3 Nc7 35. Qa4 Bf8 36. Bd8 Qb8 37. Bg5 h6 38. Be3 f5 39. f3 Kg7 40. Qa5 Qb7 41. Bc4 g5 42. Bf2 Be7 43. g4 f4 44. Qa4 Qa8 45. Qb3 Qa5 46. Nb1 Nxb5 47. Kg2 Bd8 48. Bxb5 Qxb5 49. Na3 Qe2 50. Qb1 Bb6 51. Qf1 Qa2 52. Nc4 Bc7 53. Kg1 Qb3 54. Nd2 Qc3 55. Qb5 Kf8 56. Nf1 Bd8 57. Qd7 Be7 58. Qf5+ Kg7 59. Qe6 Bf8 60. Qd7+ Kg8 61. Qe6+ Kg7 62. Qd7+ 1/2-1/2

[Event "SVK-chT2B 1718"]
[Site "Slovakia"]
[Date "2017.11.26"]
[Round "4.8"]
[White "Vanya, Attila"]
[Black "Babinsky, Michal"]
[Result "0-1"]
[WhiteElo "1770"]
[BlackElo "1780"]
[PlyCount "64"]
[EventDate "2017.10.28"]
[EventType "team-tourn"]
[EventRounds "11"]
[EventCountry "SVK"]
[SourceTitle "CBM 181 Extra"]
[Source "ChessBase"]
[SourceDate "2017.12.12"]
[SourceVersion "1"]
[SourceVersionDate "2017.12.12"]
[SourceQuality "1"]
[WhiteTeam "Nove Zamky"]
[BlackTeam "Levice"]
[WhiteTeamCountry "SVK"]
[BlackTeamCountry "SVK"]

1. e4 c5 2. d4 cxd4 3. c3 dxc3 4. Nxc3 Nc6 5. Nf3 d6 6. Bc4 e6 7. 0-0 Be7 8. Qe2 a6 9. a3 Qc7 10. Bf4 Nf6 11. Rac1 0-0 12. Rfd1 b5 13. Ba2 Bb7 14. Ng5 h6 15. Nf3 Rad8 16. h3 Qb8 17. Qe3 Ne5 18. b3 Nxf3+ 19. gxf3 Nh7 20. b4 Ng5 21. Bxg5 Bxg5 22. f4 Bf6 23. f3 Qa8 24. Kf2 e5 25. Rg1 exf4 26. Qxf4 Bd4+ 27. Ke2 Bxg1 28. Rxg1 Qa7 29. Rg2 Qd4 30. Nd1 Rc8 31. Ke1 d5 32. e5 Qxf4 0-1

[Event "Piestany op"]
[Site "Piestany"]
[Date "2014.11.19"]
[Round "6"]
[White "Gombar, Peter"]
[Black "Babinsky, Michal"]
[Result "1-0"]
[WhiteElo "1994"]
[BlackElo "1751"]
[PlyCount "83"]
[EventDate "2014.11.15"]
[EventType "swiss"]
[EventRounds "8"]
[EventCountry "SVK"]
[SourceTitle "EXT 2023"]
[Source "ChessBase"]
[SourceDate "2022.10.05"]
[SourceVersion "1"]
[SourceVersionDate "2022.10.05"]
[SourceQuality "1"]

1. e4 c5 2. Nf3 d6 3. d4 cxd4 4. Nxd4 Nf6 5. Nc3 g6 6. Be3 Bg7 7. f3 0-0 8. Bc4 Nc6 9. Qd2 a6 10. 0-0-0 Qc7 11. Bb3 b5 12. g4 Na5 13. Bd5 Nc4 14. Bxc4 Qxc4 15. Kb1 Bd7 16. h4 h5 17. g5 b4 18. Na4 Nh7 19. Nb6 Qc7 20. Nxa8 Rxa8 21. f4 a5 22. f5 a4 23. Rhf1 Qb7 24. Qd3 b3 25. cxb3 Bxd4 26. Qxd4 axb3 27. fxg6 fxg6 28. Qc4+ e6 29. Qxb3 Qxe4+ 30. Ka1 Ba4 31. Qd3 Qxd3 32. Rxd3 Bb5 33. Rfd1 Bxd3 34. Rxd3 d5 35. b3 Nf8 36. a4 Nd7 37. Rc3 Ra6 38. Rc7 Ne5 39. Kb2 Nf3 40. Ra7 Rc6 41. Bf2 e5 42. Rd7 1-0

[Event "Piestany op"]
[Site "Piestany"]
[Date "2013.11.21"]
[Round "5"]
[White "Mihalik, Anton"]
[Black "Babinsky, Michal"]
[Result "1-0"]
[WhiteElo "1942"]
[BlackElo "1741"]
[PlyCount "125"]
[EventDate "2013.11.18"]
[EventType "swiss"]
[EventRounds "7"]
[EventCountry "SVK"]
[SourceTitle "CBM 157 Extra"]
[Source "ChessBase"]
[SourceDate "2013.12.19"]
[SourceVersion "1"]
[SourceVersionDate "2013.12.19"]
[SourceQuality "1"]

1. c4 c5 2. Nc3 e6 3. e4 d6 4. g3 Nc6 5. Bg2 Nf6 6. Nge2 Be7 7. 0-0 0-0 8. d4 cxd4 9. Nxd4 Bd7 10. Be3 a6 11. h3 Qc7 12. Rc1 Rac8 13. Kh2 Nxd4 14. Bxd4 Bc6 15. b3 Rfd8 16. Qe2 b6 17. Rfe1 Re8 18. Be3 Qb7 19. Bd2 b5 20. cxb5 axb5 21. b4 Nd7 22. f4 Nf8 23. e5 d5 24. a3 Nd7 25. Qd3 Ra8 26. Ne2 Nb6 27. Nd4 Nc4 28. Rc3 Ra6 29. Bc1 Rea8 30. Rf1 Be8 31. Re1 Qa7 32. Nc2 f6 33. Be3 Qb7 34. Bc1 Bg6 35. Qe2 Bd8 36. Nd4 Bf7 37. Rxc4 bxc4 38. Qxc4 dxc4 39. Bxb7 Rxa3 40. Bxa8 Ra2+ 41. Bg2 Bb6 42. Re2 Ra4 43. Nc2 f5 44. Bc6 Ra7 45. Be3 Bxe3 46. Nxe3 Rc7 47. b5 Kf8 48. Nxc4 Be8 49. Na5 Ra7 50. Bxe8 Kxe8 51. Nc6 Rb7 52. Rb2 Kd7 53. Kg2 Kc7 54. Nd4 Kd7 55. Kf3 h5 56. Ke3 Rb6 57. Rc2 Rb8 58. Rb2 g6 59. b6 Re8 60. b7 Kc7 61. b8Q+ Rxb8 62. Rxb8 Kxb8 63. Nxe6 1-0